Smart Textiles in Modern Era- Smartex Fashion 18/ (Record no. 205722)
[ view plain ]
| 000 -LEADER | |
|---|---|
| fixed length control field | 00642nam a22001817a 4500 |
| 005 - DATE AND TIME OF LATEST TRANSACTION | |
| control field | 20240909152824.0 |
| 010 ## - LCCN (DPL NO) | |
| LC control number | ENG-141695 |
| 020 ## - INTERNATIONAL STANDARD BOOK NUMBER | |
| International Standard Book Number | 9789387871762 |
| Terms of availability | 325.00 |
| 035 ## - SYSTEM CONTROL NUMBER | |
| System control number | EN-125227 |
| 037 ## - SOURCE OF ACQUISITION | |
| Source of stock number/acquisition | DBAD |
| 082 ## - DEWEY DECIMAL CLASSIFICATION NUMBER | |
| Classification number | 338.47677 |
| 245 ## - TITLE STATEMENT | |
| Title | Smart Textiles in Modern Era- Smartex Fashion 18/ |
| 260 ## - PUBLICATION, DISTRIBUTION, ETC. (IMPRINT) | |
| Place of publication, distribution, etc | Madurai |
| Name of publisher, distributor, etc | Shanlax Publications |
| Date of publication, distribution, etc | 2018 |
| 270 ## - ADDRESS | |
| Address | 61, T.P.K. Main Road Vasantha Nagar, Madurai |
| City | Tamil Nadu |
| Postal code | 625003 |
| 300 ## - PHYSICAL DESCRIPTION | |
| Extent | cxv,=151p. |
| Dimensions | 24cm.(Pb) |
| Other physical details | ,ill |
| 700 ## - ADDED ENTRY--PERSONAL NAME | |
| Personal name | Department of Fashion Designing and Apparel Making; Holy Cross Home Science College/ |
| 9 (RLIN) | 71337 |
| 942 ## - ADDED ENTRY ELEMENTS (KOHA) | |
| Source of classification or shelving scheme | Dewey Decimal Classification |
| Item type | English Books |
| Classification part | 338.47677 |
| Call number suffix | SMA |
| Withdrawn status | Lost status | Not for loan | Collection code | Home library | Current library | Date acquired | Source of acquisition | Cost, normal purchase price | Full call number | Barcode | Copy number | Cost, replacement price | Koha item type |
|---|---|---|---|---|---|---|---|---|---|---|---|---|---|
| Non-fiction | Janak Puri | Janak Puri | 09/09/2024 | DBAD | 325.00 | 338.47677 SMA | EN-125227 | 1 | 325.00 | English Books |
